01809nam a2200241 i 4500003000900000005001700009007000300026008004100029020001800070040003000088041000800118082001900126100003600145245011200181264004800293300002600341336002700367337003300394338002800427500007700455520099700532700003801529DO-SdBNP20250822085955.0ta250822t2025 dr 000 0 spa d z9688124035770 aDO-SdBNPbspacBNPHUerda aspa axxxxbN9642221 aNúñez, Charlieeautor4aut.10aPor políticos y polìtica :bsin fronteras partidarias /cCharlie Núñez ; prólogo, Darian Várgas 1aSanto Domingo :bEditora Centenario,c2025. a122 páginasc23 cm. atextobtxt2rdacontent asin mediaciónbn2rdamedia avolumenbnc2rdacarrier aIncluye datos biográficos del autor en la solapa de la contracubierta. aEn "Por políticos y política sin fronteras partidarias", Charlie Núñez ofrece una mirada crítica, aguda y sin ataduras a la evolución política dominicana desde la Independencia hasta el presente. A través de una narrativa clara y documentada, el autor analiza los ciclos de auge y decadencia de los principales partidos, los liderazgos que marcaron época, y los cambios sociales que exigen una nueva forma de hacer política. Desde la gesta de La Trinitaria hasta la era digital, Núñez recorre los caminos de Bosch, Balaguer, Peña Gómez, y más recientemente, figuras como Leonel Fernández, Danilo Medina y Luis Abinader. El libro denuncia la desconexión entre la clase política y la ciudadanía, la fragilidad de las instituciones y la urgencia de una renovación basada en valores, transparencia y participación real. No es solo un repaso histórico. Es una invitación a la reflexión profunda sobre el país que somos y el futuro que merecemos.1 aVárgas, Darian eprólogo4pr.